Problems in the improvement of instruction: a summary of conferences held Nov. 12, 13, 14, 15, 1940. (Record no. 21781)

MARC details
000 -LEADER
fixed length control field 01017cam a22002891 4500
001 - CONTROL NUMBER
control field e 41000020
003 - CONTROL NUMBER IDENTIFIER
control field DLC
005 - DATE AND TIME OF LATEST TRANSACTION
control field 20260227111229.0
008 - FIXED-LENGTH DATA ELEMENTS--GENERAL INFORMATION
fixed length control field 881109s1941 kyu s100 0 eng c
010 ## - LIBRARY OF CONGRESS CONTROL NUMBER
LC control number e 41000020
035 ## - SYSTEM CONTROL NUMBER
System control number (OCoLC)18726324
040 ## - CATALOGING SOURCE
Original cataloging agency U.S. Off. of Educ. Library
Transcribing agency MsU
Modifying agency DLC
042 ## - AUTHENTICATION CODE
Authentication code premarc
050 00 - LIBRARY OF CONGRESS CALL NUMBER
Classification number L152
Item number .B35 vol. 8, no. 12
082 ## - DEWEY DECIMAL CLASSIFICATION NUMBER
Classification number 370.63769
110 1# - MAIN ENTRY--CORPORATE NAME
Corporate name or jurisdiction name as entry element Kentucky.
Subordinate unit Department of Education.
245 10 - TITLE STATEMENT
Title Problems in the improvement of instruction: a summary of conferences held Nov. 12, 13, 14, 15, 1940.
260 ## - PUBLICATION, DISTRIBUTION, ETC.
Place of publication, distribution, etc. Frankfort, Ky.,
Name of publisher, distributor, etc. Dept. of Education,
Date of publication, distribution, etc. 1941.
300 ## - PHYSICAL DESCRIPTION
Extent [1051]-1073 p.
Dimensions 23 cm.
490 1# - SERIES STATEMENT
Series statement Its Educational bulletin,
Volume/sequential designation vol. VIII, no. 12
500 ## - GENERAL NOTE
General note At head of title: Commonwealth of Kentucky.
650 #0 - SUBJECT ADDED ENTRY--TOPICAL TERM
Topical term or geographic name entry element Education
Form subdivision Congresses.
650 #0 - SUBJECT ADDED ENTRY--TOPICAL TERM
Topical term or geographic name entry element Education
Geographic subdivision Kentucky.
650 #0 - SUBJECT ADDED ENTRY--TOPICAL TERM
Topical term or geographic name entry element Education
General subdivision Aims and objectives.
740 0# - ADDED ENTRY--UNCONTROLLED RELATED/ANALYTICAL TITLE
Uncontrolled related/analytical title Improvement of instruction.
830 #0 - SERIES ADDED ENTRY--UNIFORM TITLE
Uniform title Educational bulletin (Frankfort, Ky.) ;
Volume/sequential designation vol. VIII, no. 12.

No items available.

Powered by Koha